PT magazine

Detalles Bibliográficos
Nuevo Título:PT in motion
Autor Corporativo: American Physical Therapy Association
Formato: Electrónico Revista
Lenguaje:inglés
Publicado: [Alexandria, Va.] : American Physical Therapy Association, ©1993-2009.
Materias:
Acceso en línea:Full text available from Research Library: 01/01/1999 to 09/30/2009

MARC

LEADER 00000nas a2200000 a 4500
001 ssj0000297
003 WaSeSS
005 20200512172242.0
006 m d
007 cr n
008 020201d19932009vaumr pss 0 a0eng c
010 |a  2002213725 
022 |a 1538-6716  |l 1065-5077  |y 1065-5077 
035 |a (WaSeSS)ssj0000297 
037 |b American Physical Therapy Association, 1111 N. Fairfax St., Alexandria, VA 22314  |c Free 
040 |a NSD  |b eng  |e pn  |c NSD  |d OCLCQ  |d NUI  |d DLC  |d OCLCQ  |d BUF  |d OCLCF  |d OCLCO  |d EUW  |d OCLCO  |d OCLCQ  |d OCLCO  |d Z5A  |d OCLCO  |d OCLCA  |d MOW  |d AU@  |d OCLCO  |d WYU  |d VT2  |d WaSeSS 
042 |a nsdp  |a pcc 
050 4 |a RM695  |b .P591 
060 4 |a W1  |b PT72 
082 1 0 |a 615  |2 13 
210 0 |a PT mag.  |b (Online) 
222 0 |a PT magazine  |b (Onilne) 
245 0 0 |a PT magazine  |h [electronic resource]. 
246 3 |a Physical therapy magazine 
260 |a [Alexandria, Va.] :  |b American Physical Therapy Association,  |c ©1993-2009. 
310 |a Monthly 
362 1 |a Print began with vol. 1, no. 1 (Jan. 1993); ceased in Sept. 2009. 
506 |a License restrictions may limit access. 
538 |a Mode of access: World Wide Web. 
588 |a Description based on: Vol. 3, no. 1 (Jan. 1995); title from title screen (viewed Jan. 24, 2002). 
588 |a Latest issue consulted: Vol. 17, issue 8 (Sept. 2009) (CINAHL Plus with Full Text, viewed Sept. 4, 2013). 
650 0 |a Physical therapy  |v Periodicals. 
650 7 |a Physical therapy.  |2 fast  |0 (OCoLC)fst01062771 
650 2 |a Physical Therapy Modalities  |v Periodicals. 
655 0 |a Electronic journals. 
710 2 |a American Physical Therapy Association. 
776 0 8 |i Print version:  |t PT  |x 1065-5077  |w (DLC)sn 92002283  |w (OCoLC)26621572 
785 0 0 |t PT in motion  |x 2163-5765  |w (DLC) 2011202379  |w (OCoLC)527387803 
856 4 0 |z Full text available from Research Library: 01/01/1999 to 09/30/2009  |u https://search.proquest.com/publication/32488